Top Horse Countries - Statistics

General Stats
  • This quiz has been taken 22 times
  • The average score is 10 of 15
Answer Stats
Horses
(thousands)
Country % Correct
4,214.8 Mongolia
95%
2,543.9 Argentina
90%
5,850.2 Brazil
90%
3,671.0 China
90%
6,382.7 Mexico
90%
1,283.0 Russia
90%
10,702.8 United States
90%
1,144.7 Colombia
80%
2,852.3 Kazakhstan
80%
751.1 Peru
55%
1,268.7 Chad
30%
2,319.7 Ethiopia
30%
792.5 Sudan
30%
944.7 Cuba
25%
584.2 Mali
20%
No matching quizzes found
Score Distribution
Percent of People with Each Score
Percentile by Number Answered
Your Score History
You have not taken this quiz